[Event "Mar de Ajo op 4th"]
[Site "Mar de Ajo"]
[Date "2017.11.05"]
[Round "6"]
[White "Gomez, Gustavo Daniel"]
[Black "Fogundio, Adrian Carlos"]
[Result "1-0"]
[WhiteElo "1747"]
[BlackElo "1595"]
[PlyCount "43"]
[EventDate "2017.11.03"]
[EventType "swiss"]
[EventRounds "6"]
[EventCountry "ARG"]
[SourceTitle "CBM 181 Extra"]
[Source "ChessBase"]
[SourceDate "2017.12.12"]
[SourceVersion "1"]
[SourceVersionDate "2017.12.12"]
[SourceQuality "1"]

1. e4 b6 2. c4 Bb7 3. Nc3 e6 4. d4 Bb4 5. Bd3 Nf6 6. f3 Nc6 7. Nge2 0-0 8. a3 Be7 9. 0-0 d6 10. f4 e5 11. fxe5 dxe5 12. d5 Bc5+ 13. Kh1 Nd4 14. b4 Bd6 15. Ng3 g6 16. Ra2 Bc8 17. h3 Nh5 18. Nxh5 gxh5 19. Bh6 Qh4 20. Bxf8 Bxh3 21. gxh3 Qxh3+ 22. Rh2 1-0

[Event "Mar de Ajo op 4th"]
[Site "Mar de Ajo"]
[Date "2017.11.05"]
[Round "5"]
[White "Salvatti, Diego"]
[Black "Gomez, Gustavo Daniel"]
[Result "1-0"]
[WhiteElo "2057"]
[BlackElo "1747"]
[PlyCount "39"]
[EventDate "2017.11.03"]
[EventType "swiss"]
[EventRounds "6"]
[EventCountry "ARG"]
[SourceTitle "CBM 181 Extra"]
[Source "ChessBase"]
[SourceDate "2017.12.12"]
[SourceVersion "1"]
[SourceVersionDate "2017.12.12"]
[SourceQuality "1"]

1. d4 Nf6 2. Bf4 g6 3. e3 Bg7 4. Nf3 b6 5. c4 Bb7 6. Nc3 d6 7. h3 Nbd7 8. Bh2 0-0 9. Be2 a6 10. Qc2 e6 11. 0-0 Qe7 12. Rab1 Ne8 13. b4 f5 14. c5 c6 15. a4 b5 16. axb5 axb5 17. Ra1 Rxa1 18. Rxa1 dxc5 19. dxc5 e5 20. Nxb5 1-0

[Event "Pinamar op"]
[Site "Pinamar"]
[Date "2015.04.26"]
[Round "6"]
[White "Marquez, Andres"]
[Black "Gomez, Gustavo Daniel"]
[Result "0-1"]
[WhiteElo "1691"]
[BlackElo "1718"]
[PlyCount "134"]
[EventDate "2015.04.24"]
[EventType "swiss"]
[EventRounds "6"]
[EventCountry "ARG"]
[SourceTitle "CBM 166 Extra"]
[Source "ChessBase"]
[SourceDate "2015.06.18"]
[SourceVersion "1"]
[SourceVersionDate "2015.06.18"]
[SourceQuality "1"]

1. e4 g6 2. d4 Bg7 3. Nf3 d6 4. Be2 Nd7 5. Nc3 c6 6. Be3 Ngf6 7. Qd2 Ng4 8. Bf4 e5 9. dxe5 dxe5 10. Bg5 Qc7 11. h3 Ngf6 12. Bh6 0-0 13. 0-0 Nc5 14. Bxg7 Kxg7 15. Qe3 b6 16. Rad1 Be6 17. g4 h6 18. Nh4 Rad8 19. f4 exf4 20. Rxf4 Rxd1+ 21. Nxd1 g5 22. Nf5+ Bxf5 23. Rxf5 Ncxe4 24. Kg2 Rd8 25. Bd3 Re8 26. Qf3 Qe7 27. Nf2 Nd6 28. Qxc6 Nxf5 29. Bxf5 Qe5 30. c3 Qf4 31. Qf3 Qxf3+ 32. Kxf3 Nd5 33. Ne4 Nf4 34. h4 f6 35. hxg5 fxg5 36. a4 Rd8 37. b4 Rd3+ 38. Kf2 Rd1 39. Ke3 Ra1 40. Bd7 Nd5+ 41. Kd3 Rd1+ 42. Nd2 Nf6 43. Bf5 Rg1 44. c4 Nxg4 45. c5 bxc5 46. bxc5 Ne5+ 47. Ke4 Re1+ 48. Kd5 Kf6 49. Bc2 Rc1 50. Bb3 g4 51. Kd6 Kf5 52. Bd5 Rd1 53. Ne4 Nf7+ 54. Kc6 Nd8+ 55. Kd6 Nb7+ 56. Kc6 Nxc5 57. Kxc5 Rxd5+ 58. Kxd5 Kf4 59. Nf2 h5 60. Kd4 Kf3 61. Ne4 h4 62. Nd2+ Kg2 63. Nc4 g3 64. Ne3+ Kf3 65. Nf1 h3 66. Nd2+ Ke2 67. Ke4 h2 0-1

[Event "Pinamar op"]
[Site "Pinamar"]
[Date "2015.04.24"]
[Round "1"]
[White "Gomez, Gustavo Daniel"]
[Black "Galan, Jorge Alonso"]
[Result "0-1"]
[WhiteElo "1718"]
[BlackElo "2024"]
[PlyCount "76"]
[EventDate "2015.04.24"]
[EventType "swiss"]
[EventRounds "6"]
[EventCountry "ARG"]
[SourceTitle "CBM 166 Extra"]
[Source "ChessBase"]
[SourceDate "2015.06.18"]
[SourceVersion "1"]
[SourceVersionDate "2015.06.18"]
[SourceQuality "1"]

1. d4 Nf6 2. c4 e6 3. Nf3 b6 4. e3 Bb7 5. Bd3 c5 6. Nbd2 Nc6 7. a3 Qc7 8. dxc5 bxc5 9. 0-0 Be7 10. b3 0-0 11. Bb2 Rfd8 12. Qc2 h6 13. e4 Ng4 14. h3 Nge5 15. Nxe5 Nxe5 16. Be2 Ng6 17. g3 d5 18. cxd5 exd5 19. e5 Nxe5 20. Qf5 Bf6 21. f4 Nf3+ 22. Nxf3 Bxb2 23. Ra2 g6 24. Qc2 Bg7 25. Qc1 Qb6 26. Ne5 Rac8 27. Kh2 Qe6 28. Bg4 f5 29. Be2 Bxe5 30. fxe5 Kg7 31. Re1 Rc7 32. Bf3 Rb8 33. g4 d4 34. gxf5 Qxf5 35. Bg4 Qf8 36. Be6 Qe7 37. Bc4 Rf8 38. e6 Qd6+ 0-1